Ganadores de los Juegos del Hambre - Estadísticas

Estadísticas generales
  • Esta prueba ha sido intentada 101 veces
    83 desde el último reinicio
  • La puntuación promedio es 11 de 23
Estadísticas de respuestas
Edición Distrito Nombre % Correcto
Peeta Mellark
99%
74ª 12 Katniss Everdeen
97%
65ª 4 Finnick Odair
91%
50ª 12 Haymitch Abernathy
90%
10ª 12 Lucy Baird
81%
71ª 7 Johanna Mason
72%
11ª 4 Mags Flanagan
71%
34ª 3 Beete Latier
65%
70ª 4 Annie Cresta
64%
49ª 3 Wiress
57%
2 Brutus
54%
62ª 2 Enobaria
52%
64ª 1 Cashmere
35%
63ª 1 Gloss
35%
45ª 11 Chaff
20%
8 Cecelia
19%
11 Seeder
19%
8 Woof
16%
67ª 1 Augustus Braun
13%
7 Blight
12%
Desconocida 2 Lyme
10%
38ª 5 Porter Millicent Tripp
10%
46ª 1 Palladium Barker
3%
No se encontraron pruebas coincidentes
Distribución de puntuación
Porcentaje de gente con cada puntuación
Porcentaje por número respondido
Historial de tus puntuaciones
No has intentado esta prueba desde el último reinicio